000 01063njm a22002657a 4500
005 20100921145657.0
007 sd ammalaaahaa
008 100913t xxu||||| |||| 00| 0 hin d
028 _aMFPE-1007
_bMusic for pleasure
035 _aGR-03942
040 _aSED/VEN
100 _919606
_aKishore Kumar
245 _aMuqaddar ka sikandar part. 1/
_h[sound recording] :
_cby Kishore Kumar
246 _aमुक़द्दर का सिकंदर (किशोरे कुमार)
260 _aDum Dum, India
_bMusic for pleasure
_c1986
300 _a1 sound disc [Gramophone record] :
_banalog, 33.1/3 rpm
_c12 in. (LP)
_fGramophone record
500 _aBrief record.
500 _aMusic for pleasure
500 _aGreen
505 _aPart.1 O sathi re ( Muqaddar ka sikandar ) Kishore Kumar Part 2 Khaike pan banaras wala (Don) Kishore Kumar
650 _xExcerpts
_zIndia
_919607
_vFilmi song
_aClassical music
700 _920936
942 _2ddc
_cGR
999 _c47317
_d47317